|
|
|
|
| LEADER |
00000cam a22000004a 4500 |
| 001 |
musev2_65006 |
| 003 |
MdBmJHUP |
| 005 |
20230905050706.0 |
| 006 |
m o d |
| 007 |
cr||||||||nn|n |
| 008 |
171125s2009 nyu o 00 0 eng d |
| 020 |
|
|
|a 9780814760789
|
| 020 |
|
|
|z 0814760783
|
| 020 |
|
|
|z 9780814785843
|
| 035 |
|
|
|a (OCoLC)1132223869
|
| 040 |
|
|
|a MdBmJHUP
|c MdBmJHUP
|
| 100 |
1 |
|
|a Urban, Andrew.
|
| 245 |
1 |
0 |
|a Brokering Servitude :
|b Migration and the Politics of Domestic Labor during the Long Nineteenth Century
|
| 264 |
|
1 |
|a New York :
|b NYU Press,
|c 2009.
|
| 264 |
|
3 |
|a Baltimore, Md. :
|b Project MUSE,
|c 2020
|
| 264 |
|
4 |
|c ©2009.
|
| 300 |
|
|
|a 1 online resource (352 pages).
|
| 336 |
|
|
|a text
|b txt
|2 rdacontent
|
| 337 |
|
|
|a computer
|b c
|2 rdamedia
|
| 338 |
|
|
|a online resource
|b cr
|2 rdacarrier
|
| 490 |
0 |
|
|a Culture, Labor, History
|
| 588 |
|
|
|a Description based on print version record.
|
| 650 |
|
7 |
|a Labor market.
|2 fast
|0 (OCoLC)fst00990036
|
| 650 |
|
7 |
|a Foreign workers.
|2 fast
|0 (OCoLC)fst01729099
|
| 650 |
|
7 |
|a Emigration and immigration
|x Government policy.
|2 fast
|0 (OCoLC)fst00908700
|
| 650 |
|
7 |
|a HISTORY
|z United States
|y 19th Century.
|2 bisacsh
|
| 650 |
|
7 |
|a POLITICAL SCIENCE
|x Labor & Industrial Relations.
|2 bisacsh
|
| 650 |
|
7 |
|a BUSINESS & ECONOMICS
|x Labor.
|2 bisacsh
|
| 650 |
|
6 |
|a Émigration et immigration
|x Politique gouvernementale.
|
| 650 |
|
6 |
|a Marche du travail
|z États-Unis.
|
| 650 |
|
0 |
|a Emigration and immigration
|x Government policy.
|
| 650 |
|
0 |
|a Labor market
|z United States.
|
| 650 |
|
0 |
|a Foreign workers
|z United States.
|
| 651 |
|
7 |
|a United States.
|2 fast
|0 (OCoLC)fst01204155
|
| 655 |
|
7 |
|a Electronic books.
|2 local
|
| 710 |
2 |
|
|a Project Muse.
|e distributor
|
| 830 |
|
0 |
|a Book collections on Project MUSE.
|
| 856 |
4 |
0 |
|z Texto completo
|u https://projectmuse.uam.elogim.com/book/65006/
|
| 945 |
|
|
|a Project MUSE - Custom Collection
|
| 945 |
|
|
|a Project MUSE - 2018 History Supplement
|
| 945 |
|
|
|a Project MUSE - 2018 Complete Supplement
|